000 00791nam a22002175i 4500
001 167771
003 ES-MaACL
005 20250717063049.0
008 050927s1823 fr | |||||||| ||fre d
040 _aCAM
_bspa
_cCAM
100 0 _aVoltaire,
_d1694-1778
_9115721
245 1 0 _aEssai sur les moeurs /
_cde Voltaire.
260 _aParis :
_b[s.n.],
_c1823 (
_fImprimerie de P. Dupont)
300 _a4 v. (603 ; 575 ; 584 ; 552 p.) ;
_c21 cm.
490 1 _aOeuvres complètes de Voltaire ;
_v15-18
594 _aTít. en portadilla interior: "Essai sur les moeurs et l'esprit des nations"
700 1 _aDupont, Paul,
_eimp.
_946109
830 0 _aOeuvres complètes de Voltaire ;
_v15-18
_9188721
852 _aES-MaACL
_jF-7535-7538
_z-- Enc. hol.
999 _c167771
_d167771